[Event "POL-ch 63rd"]
[Site "Krakow"]
[Date "2006.03.04"]
[Round "8"]
[White "Bobras, Piotr"]
[Black "Gajewski, Grzegorz"]
[Result "0-1"]
[WhiteElo "2531"]
[BlackElo "2486"]
[Annotator "Ribli,Z"]
[PlyCount "56"]
[EventDate "2006.02.25"]
[EventType "tourn"]
[EventRounds "13"]
[EventCountry "POL"]
[EventCategory "12"]
[SourceTitle "CBM 112"]
[Source "ChessBase"]
[SourceDate "2006.06.07"]
[SourceVersion "1"]
[SourceVersionDate "2006.06.07"]
[SourceQuality "1"]

1. d4 Nf6 2. c4 e6 3. Nf3 d5 4. Nc3 Bb4 5. cxd5 exd5 6. Bg5 c5 7. e3 O-O 8. Bd3
{Nach 8 scheinbar normalen Zügen haben wir eine theoretisch seltene Stellung -
gespielt zuerst in der Partie Spielmann-Marshall, Prague (ol) 1931 (wo Schwarz
spielte 8...cxd4).} c4 {Dieser Zug ist die Pointe des schwarzen Spiels - nach
6...Nbd7 (statt 6...0-0) konnte Weiß hier 9.Bf5 ziehen und im folgenden Qc2.
In unserer Stellung hat Weiß Schwierigkeiten mit der Platzierung des Läufers.}
9. Bb1 {Das eine ambitionöse (oder naive) Fortsetzung - im folgenden möchte
Weiß Qc2 ziehen. Aber nach meiner Meinung ist der andere Läuferzug 9.Bc2 eine
bessere Möglichkeit für Weiß.} (9. Bc2 Nbd7 (9... h6 10. Bxf6 (10. Bh4 Nbd7 11.
O-O Qa5) 10... Qxf6 11. O-O Bxc3 12. bxc3 Bf5 13. Rb1 b6 14. Ne5 Nd7 {1/2-1/2
Cramling,P-Khurtsidze,N/Saint Vincent 2005/(40)}) 10. O-O Qa5 (10... Bxc3 11.
bxc3 Qa5 12. Ne5 h6 13. Nxd7 Nxd7 14. Be7 Re8 15. Bb4 Qd8 {1/2-1/2 Straeter,
T-Tischbierek,R/Solingen 2006/(21)}) 11. Ne2 Re8 12. a3 Bf8 13. h3 b5 14. Bf4
Bb7 15. Ne5 Nxe5 16. Bxe5 Qb6 17. Nc3 {1-0 Kursova,M-Zhao Xue/Ekaterinburg
2006/(51)}) 9... Bxc3+ 10. bxc3 Nbd7 11. Nd2 Qa5 12. Qc2 Ne4 {[%csl Rc3,Rg5]
[%cal Ga5g5] Dieses Motiv ist bekannt in der Cambridge-Springs Variante,
Schwarz greift den g5-Läufer an und gleichzeitig den c3-Bauern.} 13. Be7 (13.
Nxe4 dxe4 14. Bh4 Nb6 {[%cal Gb6d5,Gd5c3]} 15. O-O Re8 16. Bg3 Nd5 17. Rc1 Qa3
18. Qd2 Bf5 $15 {0-1 Moiseenko,A-Jobava,B/Gothenburg 2005/(54)}) 13... Re8 14.
Bb4 Qc7 (14... Qd8 15. f3 Qh4+ (15... Qg5 16. Nf1) 16. g3 Nxg3 17. Qxh7+ Qxh7
18. Bxh7+ Kxh7 19. hxg3+ Kg8 20. Kf2 $14) 15. a4 Ndf6 16. f3 Nxd2 17. Kxd2 {
Ein unnatürlicher Zug, was unterstreicht, dass für Schwarz alles in Ordnung
ist.} (17. Qxd2 a5 18. Ba3 Bd7 19. Bc2 Qf4 20. Bc1) 17... a5 18. Ba3 Bd7 19.
Qd1 Ra6 {[%csl Ga6][%cal Ga6h6]} 20. Bc2 Nh5 {[%mdl 2048] Schwarz hat aktive
Figurenstellung, aber noch keine Drohungen.} (20... Rae6 21. Qe2 Qf4 22. Rae1
Qh4 23. g3 Qh6 $17) 21. Qe1 {[%cal Ge1h4]} Qd8 22. Qf2 f5 {Mit diesem Zug
verhindert Schwarz die Möglichkeit g2-g4 und e3-e4.} 23. Rab1 Qc7 24. Qh4 Rh6
25. Qg5 $4 {[%mdl 8192]} {[#]} Rg6 $1 {[%cal Rg6g2,Rg2d2] Schwarz gibt gern
den Springer - für Mattangriff.} 26. Qxh5 Rxg2+ 27. Kc1 Rxe3 $19 {[%csl Rc1,
Ge3,Gg2][%cal Rc7f4,Rf4c1]} 28. Bxf5 Re1+ $1 {[%csl Rc1][%cal Rc7f4,Rf4c1]} (
28... Re1+ $1 29. Rxe1 Qf4+ $19) 0-1

[Event "POL-ch 63rd"]
[Site "Krakow"]
[Date "2006.03.08"]
[Round "12"]
[White "Kempinski, Robert"]
[Black "Gajewski, Grzegorz"]
[Result "0-1"]
[WhiteElo "2619"]
[BlackElo "2486"]
[Annotator "Ribli,Z"]
[PlyCount "84"]
[EventDate "2006.02.25"]
[EventType "tourn"]
[EventRounds "13"]
[EventCountry "POL"]
[EventCategory "12"]
[SourceTitle "CBM 112"]
[Source "ChessBase"]
[SourceDate "2006.06.07"]
[SourceVersion "1"]
[SourceVersionDate "2006.06.07"]
[SourceQuality "1"]

1. d4 Nf6 2. Nf3 d5 3. c4 e6 4. Nc3 Bb4 5. cxd5 exd5 6. Bg5 c5 7. e3 O-O 8. Qc2
cxd4 9. Nxd4 Nc6 10. Nxc6 bxc6 11. a3 $6 {Mit diesem Zug möchte sich Weiß von
der Fesselung des c3-Springers befreien, aber andererseits kann der schwarze
Läufer eine aktive Stellung bekommen.} (11. Be2 $5 h6 12. Bh4 g5 13. Bg3 Ne4
14. O-O Nxg3 (14... Bxc3 15. bxc3 Bf5 16. Bd3) 15. hxg3 Qf6 $13) 11... Bd6 12.
Be2 Be5 {[%csl Ge5][%cal Gd8d6]} 13. Rc1 Rb8 14. Na4 $6 {Eine ziemlich
originelle Fortsetzung - mit dem König in der Mitte beginnt Weiß Aktionen am
Damenflügel.} h6 15. Bh4 (15. Bxf6 Qxf6 16. Qxc6 Be6 $44) 15... Qa5+ $1 {
[%csl Ra4,Re1,Rh4][%cal Ra5e1]} 16. Kf1 (16. b4 Rxb4 17. axb4 Qxb4+ 18. Kf1
Qxh4 $17) 16... Bf5 {Alles kommt mit Tempo für Schwarz.} 17. Qxf5 Qxa4 {
[%csl Rf1,Rh4]} 18. Qxe5 (18. Bxf6 Bxf6 $17) 18... Qxh4 19. g3 (19. Rxc6 Rbc8
20. Rxc8 Rxc8 21. Bd1 Rc1 22. Ke1 Ne4 23. Rf1 Qd8 $36) 19... Qh3+ $17 20. Kg1
Rfe8 {[%csl Gb8,Ge8,Rg1,Rh1,Gh3][%mdl 2048] Schwarz hat ausgezeichnete
Figurenspiel - alle seine Figuren stehen aktiv, während der weiße König steht
schlecht und der h1R ist eingeschlossen.} 21. Qd4 Qf5 {[%csl Gf5][%cal Gf6e4,
Ge4f2]} 22. g4 Qd7 23. Bf3 Ne4 24. b4 a5 $1 {Schwarz möchte Linien öffnen - er
hat eine viel bessere Entwicklung.} 25. Kg2 axb4 26. axb4 Ng5 {[%csl Rf3,Rg2,
Rg4]} 27. h3 f5 28. Be2 Re4 29. Qc3 fxg4 30. Bxg4 Rxg4+ $1 {Mit diesem
Qualitätsopfer vernichtet Schwarz die einzige weiße Verteidigungsfigur am
Königsflügel.} 31. hxg4 Qxg4+ 32. Kf1 Ne4 {[%csl Ge4,Gf1,Gg4][%cal Gb8f8,Gf8f1]
Schwarz hat nur einen Bauern für die Qualität, aber alle seine Figuren stehen
sehr aktiv, während Weiß schwere Probleme mit der Figurenkoordination hat.} 33.
Qb2 (33. Qxc6 Rf8 34. Qxd5+ Kh7 35. Qd3 Rxf2+ (35... Qf5 $19) 36. Ke1 Rf6 $19)
33... Ng3+ $1 {[%mdl 512] Mit diesem Springeropfer gewinnt Schwarz die Partie.}
(33... Rxb4 34. Qxb4 Ng3+ 35. fxg3 Qxb4 $19) 34. fxg3 Qf3+ 35. Kg1 Qxg3+ 36.
Qg2 (36. Kf1 Rf8+ $19) 36... Qxe3+ 37. Kh2 Rxb4 $19 {[%csl Gb4,Ge3,Rg2,Rh2]
[%cal Rb4h4,Rh4h2] Schwarz hat vier Bauern gegen den Turm, aber was wichtiger
ist - er hat siegreichen Angriff. Weiß hat keine Verteidigung.} 38. Qg3 Rb2+
39. Kh3 Qe6+ 40. Qg4 Rb3+ 41. Kh4 Qf6+ 42. Kh5 Qf7+ (42... Qf7+ 43. Kh4 (43.
Qg6 Qf3+ 44. Qg4 g6+ 45. Kh4 Qf6+ $19) 43... g5+ $19) 0-1

[Event "Poikovsky Karpov 05th"]
[Site "Poikovsky"]
[Date "2004.03.19"]
[Round "3"]
[White "Onischuk, Alexander"]
[Black "Aleksandrov, Aleksej"]
[Result "1-0"]
[WhiteElo "2652"]
[BlackElo "2679"]
[Annotator "Ribli,Z"]
[PlyCount "117"]
[EventDate "2004.03.17"]
[EventType "tourn"]
[EventRounds "9"]
[EventCountry "RUS"]
[EventCategory "18"]
[SourceTitle "CBM 100"]
[Source "ChessBase"]
[SourceDate "2004.06.01"]
[SourceVersion "1"]
[SourceVersionDate "2004.06.01"]
[SourceQuality "1"]

1. d4 Nf6 2. c4 e6 3. Nf3 d5 4. Nc3 Bb4 {Großmeister Aleksandrov spielt sehr
gern die Ragozin-Variante.} 5. cxd5 exd5 6. Bg5 {Das ist die prinzipielle
Variante, aber statt 5.cxd5 kommt alternativ auch der sofortige Läuferzug 5.
Bg5 in Betracht.} Nbd7 {Das ist eine sehr populäre Fortsetzung - die
Alternativen sind 6...h6, 6...c5 und 6...Qd6.} 7. e3 c5 8. Bd3 Qa5 9. Qc2 {
Weiß folgt der klassischen Spielweise.} c4 10. Bf5 g6 $6 {Dieser Zug ist kaum
zu empfehlen - die Hauptvariante ist 10...0-0 11.0-0 Re8 und nur im Falle von
12.Nd2 spielt Schwarz g6. Der Textzug schwächt die dunklen Felder am
Königsflügel.} 11. Bxd7+ Nxd7 12. e4 {Das ist die prinzipielle Fortsetzung.} (
12. O-O O-O 13. Nd2 Nb6 14. f3 f6 15. Bh4 Bd7 16. Rae1 Na4 17. Ndb1 $11) 12...
O-O 13. O-O Nb6 {Schwarz möchte die Stellung geschlossen halten.} 14. e5 {
[%csl Yf6,Yh6] Die dunklen Felder sind sehr schwach am Königsflügel.} Bf5 15.
Qd2 Rfe8 16. a3 Bf8 (16... Bxc3 17. bxc3 $16) {[#]} 17. Ne4 (17. Nh4 Bd3 (17...
Be6 18. f4 h6 19. f5 hxg5 20. Qxg5 $40) 18. b4 Qa6 19. Rfd1 $16) 17... Qxd2 18.
Nf6+ Kh8 19. Bxd2 $14 {[%csl Gf6] Der f6N steht sehr aktiv und paralysiert die
schwarze Stellung.} Re7 20. Ba5 Rd8 (20... Be6 21. Ng5 $14) 21. g4 Bd3 (21...
Be6 22. Ng5 $14) 22. Rfe1 h6 23. h4 {[%cal Gg4g5]} Bg7 24. g5 h5 {Schwarz muss
die Stellung geschlossen halten.} (24... hxg5 $2 25. hxg5 Re6 26. Kg2 $18 {
[%cal Ge1h1,Gh1h8]}) 25. Re3 Bf5 26. Ne1 {[%cal Ge1g2,Gg2f4,Gf4d5][%mdl 32]
Weiß möchte seine Springerstellung verbessern.} Re6 27. Ng2 Rc8 $2 (27... Bxf6
28. gxf6 $14 (28. exf6 $14)) 28. Nf4 $16 {[%csl Rd5,Re6][%cal Rf4d5,Rf4e6]} Na4
29. N6xd5 $1 {Weiß nimmt den Bauern, was starker ist als der Qualitätsgewinn.}
(29. Nxe6 fxe6 30. Re2 c3 31. bxc3 Nxc3 32. Bxc3 Rxc3 $14) 29... Ra6 30. Bc3 {
Weiß hat einen Bauern mehr und Schwarz hat keine Kompensation.} Bf8 31. Re2 {
[%cal Gd5e3,Ge3f5] Weiß bereitet den Springerzug 32.Ne3 vor.} Rd8 32. Ne3 Nxc3
33. bxc3 Bd7 34. Ned5 (34. d5 $16) 34... b5 (34... Bg4 35. Ree1 Bf3 36. Nf6 $16
) 35. e6 $1 {Weiß opfert zeitweilig einen Bauern, was zu Vereinfachungen führt,
wonach Weiß ein sehr vorteilhaftes Endspiel bekommt.} Bxe6 (35... fxe6 36.
Nxg6+ Kg7 37. Ndf4 $16) 36. Nc7 {[%cal Rc7a6,Rc7e6]} Rxa3 37. Rxa3 Bxa3 38.
Nfxe6 fxe6 39. Nxb5 {[%csl Re6][%cal Rb5a3,Rb5a7][%mdl 4096] Die Stellung ist
materiell gleich, aber alle schwarze Bauern sind schwach.} Bc1 40. Nxa7 Rd6 41.
Nb5 Rb6 42. Re5 $1 {Weiß gibt Schwarz keine Gegenchancen, alles ist verteidigt
in der weißen Stellung, Schwarz kann nur warten.} (42. Nc7 $16) 42... Kg7 43.
Kg2 Kf7 44. Rc5 Ke7 45. Na7 Kd7 46. Rxc4 $18 {Mit zwei Bauern mehr gewinnt
Weiß leicht.} Ba3 47. Kf3 Bf8 48. Ke4 Ra6 49. Nb5 Rb6 50. Rc7+ Kd8 51. c4 $1 {
Dieses Springeropfer ist die einfachste Lösung.} (51. Rf7 Ke8 52. Rf6 Rxb5 53.
Rxg6 $16) 51... Rxb5 52. cxb5 Kxc7 53. Ke5 Bg7+ (53... Kd7 54. Kf6 Bb4 55. Kxg6
Be1 56. Kxh5 Bxf2 57. g6 Bxd4 58. b6 Bf6 59. b7 Kc7 60. Kg4 Kxb7 61. h5 Bg7 62.
Kg5 $18) 54. Kxe6 Bxd4 55. f3 Bf2 56. Kf6 Bxh4 57. Kxg6 Bf2 58. Kxh5 Kd7 59. g6
1-0

[Event "Perenyi Memorial"]
[Site "Gyula"]
[Date "2000.01.30"]
[Round "7"]
[White "Ruck, Robert"]
[Black "Li, Wenliang"]
[Result "1-0"]
[WhiteElo "2472"]
[BlackElo "2444"]
[Annotator "Ribli,Z"]
[PlyCount "99"]
[EventDate "2000.01.24"]
[EventType "tourn"]
[EventRounds "13"]
[EventCountry "HUN"]
[EventCategory "9"]
[SourceTitle "CBM 076"]
[Source "ChessBase"]
[SourceDate "2000.05.31"]
[SourceVersion "1"]
[SourceVersionDate "2000.05.31"]
[SourceQuality "1"]

1. Nf3 Nf6 2. c4 e6 3. Nc3 {Diese Zugfolge wurde vor ein paar Jahren von
Kramnik sehr erfolgreich gespielt. Die Hauptidee von Weiß ist eigentlich, die
Damenindische Verteidigung zu umgehen, denn nach 3...b6 wäre 4.e4 stark. Im
Falle von 3...Bb4 spielt Weiß nicht (bzw. nicht sofort) 4.d4 - das würde das
Feld e4 schwächen - sondern 4.g3, 4.Qc2 oder 4.Qb3 mit Fortsetzung der
Entwicklung. Auf diese Weise bleibt sein Zentrum elastisch.} d5 4. d4 Bb4 {
Der chinesche Spieler wählt die heutzutage relativ populäre Ragozin-Variante .}
5. Bg5 {Mit diesem Zug lässt Weiß seinem Gegner die Möglichkeit offen, mit 5...
dxc4 die Wiener Variante zu spielen. Wenn Weiß Angst vor der Wiener Variante
hat, kann er zuerst 5.cxd5 exd5 und dann 6.Bg5 spielen.} Nbd7 6. cxd5 exd5 7.
Qc2 {Kramnik spielte diese Variante sehr gerne. Der traditionelle Aufbau wäre
7.e3 nebst 8.Bd3 und 9.Qc2. Die Idee des Damezuges ist - dafür gibt unsere
Partie ein gutes Beispiel - dass der Bg5 in einigen Varianten nach d2
zurückziehen kann. Wenn Schwarz 7...h6 spielt, dann ist nach 8.Bh4 seine
Königsstellung geschwächt, und das kann in anderen Varianten wichtig werden..}
c5 8. dxc5 {Das ist die beste Fortsetzung für Weiß. In der Folge richtet sich
seine Hauptstrategie gegen den isolierten Pd5.} (8. a3 Bxc3+ 9. Qxc3 c4) 8...
Qa5 (8... Nxc5 9. a3 Bxc3+ 10. Qxc3 Nce4 11. Bxf6 Qxf6 12. Qxf6 Nxf6 13. e3 $14
) (8... h6 9. Bd2 Bxc5 10. e3 $14) 9. Bd2 {Das ist eigentlich die Pointe in
der Zugfolge nach 7.Qc2.} Qxc5 10. a3 Bxc3 11. Qxc3 O-O (11... Ne4 12. Qd4 O-O
13. Rc1 Qxd4 14. Nxd4 Ne5 15. Bf4 Ng6 16. Bc7 Bd7 17. f3 Ng5 18. e3 {1-0 Ionov,
S-Novgorodskij,V/Chigorin mem, St Petersburg RUS 1998 (42)}) (11... Qxc3 12.
Bxc3 $14) 12. Rc1 $5 {Ein logischer Zug, aber das sofortige Tauschen der Damen
oder die Besetzung des Feldes d4 kommen auch in Betracht.} (12. Qxc5 Nxc5 13.
Rd1 Re8 14. Bc3 Nfe4 $1 15. Bd4 (15. Rxd5 $6 Be6 16. Rd4 Nxc3 17. bxc3 Bb3 {
/\ Rac8~/=}) 15... Be6 16. e3 Rec8 $5 17. Bxc5 (17. Be2 $5) 17... Rxc5 18. Nd4
Rac8 $11 {Alonso,R-Camacho,G/Cuba 75/(390) 1998/Inf 75/[Camacho,G] (18)}) (12.
Qd4 a5 13. Rc1 Qxd4 14. Nxd4 b6 15. Bf4 Ba6 16. e3 Bxf1 17. Rxf1 Rfc8 18. Ke2
g6 19. Bc7 Ne8 20. Nb5 $14 {1-0 Khenkin,I-Dimitrov,V/Elenite 1993/CBM 38 (40)})
12... Qe7 (12... Ne4 13. Qd4 Qxd4 14. Nxd4 Ne5 15. Bf4 Ng6 16. Bc7 Bd7 17. f3
Ng5 18. e3 Ne6 19. Nxe6 fxe6 20. Bd3 Rac8 21. Kf2 {1-0 Ionov,S-Novgorodskij,V/
St. Petersburg 1998/CBM 67 ext (42)}) (12... Qxc3 13. Bxc3 Ne4 $14) 13. Qd4 $1
$14 {[%csl Gd4][%cal Rd2b4,Rb4f8] Die Dame steht ausgezeichnet auf d4, zudem
droht 14.Bb4.} Re8 14. e3 Nb8 $5 {Der Springer zielt nach c6. Es ist richtig,
auf d7 hatte er eine sehr unglückliche Stellung.} (14... Nf8 $14 {[%cal Gf8e6,
Ge6d4]}) 15. Qc5 (15. Bb5 Bd7 $14) 15... Nc6 (15... Qd8 16. Qc7 $14) 16. Qxe7
Rxe7 {[%csl Rd5] Nach dem Damentausch hat Weiß kleinen aber dauerhaften
Vorteil - er besitzt das Läuferpaar, der Pd5 ist isoliert und Schwarz hat
keine Chance zu (aktivem) Gegenspiel zu kommen.} 17. Bb5 Bd7 18. O-O a6 $6 {
Früher oder später möchte Weiß den Nc6 ohnehin schlagen, den Abtausch zu
provozieren erscheint mir daher weniger logisch.} (18... Ne5 $5 19. Be2 $14 (
19. Bxd7 Nxf3+ (19... Nexd7 $6 20. Rc7 $16) 20. gxf3 Rxd7 21. Bc3 $14) (19.
Nxe5 $4 Bxb5)) 19. Bxc6 Bxc6 20. Nd4 {[%csl Gd4] Das ist ein bekanntes Prinzip
- die Besetzung des Feldes vor einem isolierten Bauern ist sehr wichtig.} Rc7
21. Rc2 {[%cal Gf1c1] Mit einfachen Zügen verschafft sich Weiß die Initiative.}
Rcc8 22. Rfc1 Bd7 (22... Ne4 23. Ba5 $16) 23. Rc7 (23. Rxc8+ $2 {Wer gegen
einen isolierten Bauern spielt, muss immer versuchen, die Türme auf dem Brett
zu halten.} Rxc8 24. Rxc8+ Bxc8 $13) 23... Bc6 $6 (23... b6 24. f3 Rxc7 25.
Rxc7 $14) 24. Rxc8+ Rxc8 25. Nf5 $1 {[%cal Rf5e7,Re7g8,Re7c8][%mdl 2048]} (25.
Nxc6 $6 Rxc6 26. Rxc6 bxc6 $11 {In einem Endspiel wie diesem ist die
theoretisch bessere Bauernstruktur von Weiß bedeutungslos.}) 25... Re8 26. Bb4
(26. Bc3 $1 Ne4 27. Bb4 g6 28. Ne7+ Kg7 29. Nxc6 bxc6 (29... Rc8 $2 30. Bc3+
Nxc3 31. Nd4 $18) 30. Rxc6 $16) 26... Nd7 (26... g6 27. Ne7+ Kg7 28. Nxc6 Rc8)
27. Ne7+ Kh8 28. Nxc6 Rc8 {[#]} 29. e4 $5 {Diese Fortsetzung spricht scheinbar
für sich, in Wirklichkeit aber kann sich Schwarz wegen der schwachen weißen
Grundreihe verteidigen.} (29. Kf1 Rxc6 30. Rxc6 bxc6 $11) 29... dxe4 (29...
Rxc6 30. Rd1 dxe4 (30... Nf6 $2 31. exd5 Nxd5 32. Kf1 Nf6 $8 33. Rd8+ Ng8 34.
Rd7 $16) 31. h4 {Das führt zu unserer Partie zurück.}) 30. Rd1 Rxc6 {Diese
ganze Variante ist aufgrund der weißen Grundreihenschwäche spielbar für
Schwarz.} 31. h4 (31. f3 e3 $11 (31... exf3 32. Rxd7 $18)) 31... Rc7 (31... Nf6
32. Rd8+ Ng8 33. Rd7 Rc1+ 34. Kh2 Rc2 35. Rxf7 $16 Rxb2 $2 36. Bc3 $18 {
[%cal Rc3b2,Rc3h8]}) 32. Ba5 b6 33. Bxb6 Rb7 34. Bd4 {[%csl Gd4][%mdl 4096]
Der Bd4 steht ausgezeichnet und ist viel wertvoller als der schwarze Springer.
Er verteidigt seinen Damenflügel und greift zur gleichen Zeit den schwarzen
Königsflügel an.} Nf8 (34... f6 35. g4) 35. Rc1 {[%cal Gc1c8]} Rb8 36. Rc6 Ne6
(36... Ra8 37. b4 Ne6 38. Ba7 $16) 37. Bc3 h5 (37... Ra8 38. Rc4 f5 39. g4 fxg4
40. Rxe4 $16) 38. Rxa6 $16 {Weiß erfreut sich eines gesunden Mehrbauern und
guter Gewinnchancen.} Rd8 39. Kh2 (39. Ra5 Nf4 40. g3 Rd1+ 41. Kh2 Nd3 42.
Rxh5+ Kg8 43. Kg2 $18) 39... Kh7 40. a4 {Der weiße Freibauer auf der a-Linie
muss die Partie entscheiden, aber Schwarz hat noch ein paar Gegenchancen am
Königsflügel.} Nf4 41. Ra7 Kg6 42. Re7 Nd3 43. Kg1 (43. Rxe4 Nxf2 44. Rd4 Ng4+
45. Kg3 Re8 46. a5 $18) (43. Kg3) 43... Nc5 44. Re5 {[%cal Re5c5,Re5g5]} Nxa4 (
44... Ne6 45. Rxe4 $18) 45. Rg5+ Kh6 46. Bxg7+ Kh7 47. Be5 Kh6 48. Rf5 Rd7 (
48... Kg6 49. Rf6+ $18) 49. b3 $18 {[%csl Ra4] Der Na4 befindet sich in großer
Not - Schwarz ist verloren.} Nc5 (49... Nb6 50. Rf6+ $18 {[%cal Rf6h6,Rf6b6]})
50. Bf4+ {[%cal Rf4h6,Rf5c5] Schwarz verliert die Figur - er gab auf.} 1-0